Introduction to econometrics / (Record no. 3223)

000 -LEADER
fixed length control field 01274cam a22003374a 4500
001 - CONTROL NUMBER
control field 12232731
003 - CONTROL NUMBER IDENTIFIER
control field OSt
005 - DATE AND TIME OF LATEST TRANSACTION
control field 20220205144633.0
008 - FIXED-LENGTH DATA ELEMENTS--GENERAL INFORMATION
fixed length control field 001116s2001 enka b 001 0 eng
010 ## - LIBRARY OF CONGRESS CONTROL NUMBER
LC control number 00068506
020 ## - INTERNATIONAL STANDARD BOOK NUMBER
International Standard Book Number 0471497282 (pbk. : alk. paper)
038 ## - RECORD CONTENT LICENSOR
Staff Name waseem
040 ## - CATALOGING SOURCE
Original cataloging agency DLC
Transcribing agency DLC
Modifying agency DLC
042 ## - AUTHENTICATION CODE
Authentication code pcc
050 00 - LIBRARY OF CONGRESS CALL NUMBER
Classification number HB139
Item number .M353 2001
082 00 - DEWEY DECIMAL CLASSIFICATION NUMBER
Classification number 330/.01/5195
Edition number 21
100 1# - MAIN ENTRY--PERSONAL NAME
Personal name Maddala, G. S.
9 (RLIN) 88806
245 10 - TITLE STATEMENT
Title Introduction to econometrics /
Statement of responsibility, etc. G.S. Maddala.
250 ## - EDITION STATEMENT
Edition statement 3rd ed.
260 ## - PUBLICATION, DISTRIBUTION, ETC.
Place of publication, distribution, etc. Chichester ;
-- New York :
Name of publisher, distributor, etc. John Wiley,
Date of publication, distribution, etc. c2002.
300 ## - PHYSICAL DESCRIPTION
Extent xxvii, 636 p. :
Other physical details ill. ;
Dimensions 24 cm.
504 ## - BIBLIOGRAPHY, ETC. NOTE
Bibliography, etc. note Includes bibliographical references and index.
563 ## - BINDING INFORMATION
Binding note PBK.
650 #0 - SUBJECT ADDED ENTRY--TOPICAL TERM
Topical term or geographic name entry element Econometrics.
9 (RLIN) 88807
856 42 - ELECTRONIC LOCATION AND ACCESS
Materials specified Contributor biographical information
Uniform Resource Identifier <a href="http://www.loc.gov/catdir/bios/wiley043/00068506.html">http://www.loc.gov/catdir/bios/wiley043/00068506.html</a>
856 42 - ELECTRONIC LOCATION AND ACCESS
Materials specified Publisher description
Uniform Resource Identifier <a href="http://www.loc.gov/catdir/description/wiley035/00068506.html">http://www.loc.gov/catdir/description/wiley035/00068506.html</a>
856 4# - ELECTRONIC LOCATION AND ACCESS
Materials specified Table of Contents
Uniform Resource Identifier <a href="http://www.loc.gov/catdir/toc/onix06/00068506.html">http://www.loc.gov/catdir/toc/onix06/00068506.html</a>
906 ## - LOCAL DATA ELEMENT F, LDF (RLIN)
a 7
b cbc
c orignew
d 1
e ocip
f 19
g y-gencatlg
942 ## - ADDED ENTRY ELEMENTS (KOHA)
Source of classification or shelving scheme
Koha item type Book
Holdings
Withdrawn status Lost status Source of classification or shelving scheme Damaged status Not for loan Permanent Location Current Location Shelving location Date acquired Total Checkouts Full call number Barcode Date last seen Date last checked out Price effective from Koha item type
          Central Library (CL) Central Library (CL) General Stacks 05/26/2016 2 330.015195 MAD S3H-N-658 04/19/2025 09/23/2020 05/26/2016 Book
          Central Library (CL) Central Library (CL) General Stacks 05/27/2016 1 330.015195 MAD S3H-N-660 10/31/2022 09/16/2022 05/27/2016 Book
          Central Library (CL) Central Library (CL) General Stacks 03/06/2017 2 330.015195 MAD S3H-N-1766 08/25/2020 09/12/2019 03/06/2017 Book
© 2023 Central Library, National University of Sciences and Technology. All Rights Reserved.